000 01126cam a2200277 4500
008 090401t1992 xxu||||| |||| 00| 0 eng d
020 _a0419172807
035 _a(Sirsi) u66746
041 _aeng
050 _a711.52
245 _aRebuilding the city: property-led urban regeneration.
260 _aLondon
_bE. & F.N. Spon
_c1992
300 _axiv,312p. : ill. ; 24cm.
350 _a30
520 _aBased on a seminar held in March 1990 at Newcastle University on property- led urban regeneration. Looks at property development in British cities in the 1980s and, in particular, the interrelation between development and urban regeneration, including case studies fron Manchester, Tyne and Wear, Liverpool, Newcastle upon Tyne and West Yorkshire.
650 _aINNER CITY REDEVELOPMENT
650 _aPARTNERSHIPS
650 _aPROPERTY DEVELOPMENT
650 _aPROPERTY INVESTMENT
650 _aSCOTLAND
650 _aUNIVERSITY OF NEWCASTLE UPON TYNE
690 _aURBAN RENEWAL
700 _aHealey, Patsy ; Davoudi, Simin ; Tavsanoglu, Solmaz ; O`To,
_xEditor
942 _n0
948 _c04/03/1997
999 _c94937
_d94937